| 000 | 00621nam a22001817a 4500 | ||
|---|---|---|---|
| 005 | 20251127123345.0 | ||
| 008 | 251124b |||||||| |||| 00| 0 eng d | ||
| 020 | _a978-93-48565-21-1 | ||
| 041 | _aeng | ||
| 082 | _a615.32 CHH-I | ||
| 100 |
_aCHHIKARA, MS MANISHA 2-SURIDIA DR, POOJA . 3-VERMA, DR, CHETNA .4- PRAKASH, MRS. SIDBI MANI _98777 |
||
| 245 | _aINDUSTRIAL PHARMACOGNOSTICAL TECHNIGUES AS PER LATEST PCI REGULATIONS FOR M. PHARMA [ 1ST SEMESTER] | ||
| 250 | _a1ST ED, 2025 | ||
| 260 |
_aNEW DELHI _bINNOVATIVE PUBLICATIONS PVT LTD _c2025 |
||
| 300 | _a184;P | ||
| 650 |
_aPHARMACY _xB.PHARMA |
||
| 942 | _cBK | ||
| 999 |
_c8954 _d8952 |
||